Going home / (Record no. 637)

MARC details
000 -LEADER
fixed length control field 01455cam a2200337 a 4500
005 - DATE AND TIME OF LATEST TRANSACTION
control field 20260322212028.0
008 - FIXED-LENGTH DATA ELEMENTS--GENERAL INFORMATION
fixed length control field data
010 ## - LIBRARY OF CONGRESS CONTROL NUMBER
LC control number 2006048536
020 ## - INTERNATIONAL STANDARD BOOK NUMBER
International Standard Book Number 9781416503958
020 ## - INTERNATIONAL STANDARD BOOK NUMBER
International Standard Book Number 1416503951
040 ## - CATALOGING SOURCE
Original cataloging agency DLC
Transcribing agency DLC
Modifying agency DLC
043 ## - GEOGRAPHIC AREA CODE
Geographic area code e-uk-en
050 00 - LIBRARY OF CONGRESS CALL NUMBER
Classification number PR6105.V347
Item number G65 2006
082 00 - DEWEY DECIMAL CLASSIFICATION NUMBER
Classification number 823/.92
Edition information 22
099 ## - LOCAL FREE-TEXT CALL NUMBER (OCLC)
Classification number EVANSH
001 - CONTROL NUMBER
control field data
100 1# - MAIN ENTRY--PERSONAL NAME
Personal name Evans, Harriet,
Dates associated with a name 1974-
245 10 - TITLE STATEMENT
Title Going home /
Statement of responsibility, etc. Harriet Evans.
250 ## - EDITION STATEMENT
Edition statement 1st Downtown Press trade pbk. ed.
260 ## - PUBLICATION, DISTRIBUTION, ETC.
Place of publication, distribution, etc. New York :
Name of publisher, distributor, etc. Downtown Books,
Date of publication, distribution, etc. 2006.
300 ## - PHYSICAL DESCRIPTION
Extent x, 437 p. ;
Dimensions 21 cm.
650 #0 - SUBJECT ADDED ENTRY--TOPICAL TERM
Topical term or geographic name entry element Inheritance and succession
Form subdivision Fiction.
651 #0 - SUBJECT ADDED ENTRY--GEOGRAPHIC NAME
Geographic name England
Form subdivision Fiction.
655 #0 - INDEX TERM--GENRE/FORM
Genre/form data or focus term Domestic fiction.
856 42 - ELECTRONIC LOCATION AND ACCESS
Materials specified Publisher description
Uniform Resource Identifier <a href="http://www.loc.gov/catdir/enhancements/fy0665/2006048536-d.html">http://www.loc.gov/catdir/enhancements/fy0665/2006048536-d.html</a>
856 41 - ELECTRONIC LOCATION AND ACCESS
Materials specified Sample text
Uniform Resource Identifier <a href="http://www.loc.gov/catdir/enhancements/fy0668/2006048536-s.html">http://www.loc.gov/catdir/enhancements/fy0668/2006048536-s.html</a>
856 42 - ELECTRONIC LOCATION AND ACCESS
Materials specified Contributor biographical information
Uniform Resource Identifier <a href="http://www.loc.gov/catdir/enhancements/fy0910/2006048536-b.html">http://www.loc.gov/catdir/enhancements/fy0910/2006048536-b.html</a>
906 ## - LOCAL DATA ELEMENT F, LDF (RLIN)
a 7
b cbc
c orignew
d 1
e ocip
f 20
g y-gencatlg
925 0# -
-- acquire
-- 2 shelf copies
-- policy default
955 ## - COPY-LEVEL INFORMATION (RLIN)
-- lk53 2006-07-18 to Dewey
-- lg13 2007-04-02 to SL;
-- lg13 2007-04-02 to BCCD
Holdings
Withdrawn status Lost status Damaged status Not for loan Home library Current library Shelving location Date acquired Total checkouts Full call number Barcode Date last seen Price effective from Koha item type
        Centerville Centerville General stacks 22/03/2026   823/.92 22 BC0010654 22/03/2026 22/03/2026 Books